Largest Settlements in Dorset, UK - Statistics

General Stats
  • This quiz has been taken 121 times
  • The average score is 8 of 12
Answer Stats
Placename % Correct
Poole
96%
Bournemouth
95%
Dorchester
94%
Weymouth
91%
Christchurch
62%
Swanage
62%
Bridport
61%
Wimborne Minster
53%
Blandford Forum
52%
Ferndown
33%
Gillingham
28%
Verwood
27%
No matching quizzes found
Score Distribution
Percent of People with Each Score
Percentile by Number Answered
Your Score History
You have not taken this quiz